Tratado de la responsabilidad civil : la culpa como criterio de imputación de la responsabilidad. 1 /
Incumplimiento y responsabilidad del deudor. Culpa aquiliana y culpa contractual. La culpa profesional. El dolo
Guardado en:
| Autor Principal: | |
|---|---|
| Formato: | Libro |
| Idioma: | Spanish |
| Publicado: |
Buenos Aires :
Astrea,
1999
|
| Materias: | |
| Etiquetas: |
Agregar Etiqueta
Sin Etiquetas, Sea el primero en etiquetar este registro!
|
| LEADER | 00678nam a22001575a 4500 | ||
|---|---|---|---|
| 001 | DER.der000077 | ||
| 008 | 180615s1999####ag#||||||||||||||#||spa|| | ||
| 005 | 20251203153745.0 | ||
| 245 | 1 | 0 | |a Tratado de la responsabilidad civil : |b la culpa como criterio de imputación de la responsabilidad. |p 1 / |c Giovanna Visintini; traducido por Aída Kemelmajer de Carlucci. |
| 260 | |a Buenos Aires : |b Astrea, |c 1999 | ||
| 300 | |a 396 p. | ||
| 520 | |a Incumplimiento y responsabilidad del deudor. Culpa aquiliana y culpa contractual. La culpa profesional. El dolo | ||
| 020 | |a 9505085281 | ||
| 100 | 1 | |a Visintini, Giovanna | |
| 653 | |a RESPONSABILIDAD CIVIL | ||
| 859 | |a DERECHO |b BIB. DERECHO |h 346.022 |i VIS |p 000967 | ||
